00890nam a22001337a 4500008004100000020001500041082001900056100004400075245008000119260004200199300003900241505039900280650007700679190601b xxu||||| |||| 00| 0 eng d a2850564192 a779.944bF778r aFournié, Pierre y Gervereau, Laurent  aRegards sur le monde: trésors photographiques du Quai d'Orsay, 1860-1914  aParis bSomogy éditions d'artc2000 a192 p. bill (col).c28 x 24,5 cm  tPréface: rHubert VédrinetIntroduction:rRené RémondtDiplomates et aventuriers: rRoger ThérondtLe fonds photographique de Quai d'Orsay:rPierre FourniétVoir l'autre, refléter les images: rLaurent GervereautLa collection tRegards sur l'Asie tRegards sur le Moyen-Orient tRegards sur l'Afrique de Nord tRegards sur l'Afrique subsahariennetRegards sur l'Amérique latine 2Arte contemporáneo vArte - Fotografía xExhibiciones - Fotografía